Responses for Show #881 - Monday, June 6, 1988

Michael Rankins game 2.

Contestants

[<< previous game]

Mark Meyerson, a music producer and consultant from North Hollywood, California

Margaret Bellisario, a technical writer from Dallas, Texas

Michael Rankins, a customer service represenative from Rohnert Park, California (whose 1-day cash winnings total $11,399)

[next game >>]

Jeopardy! Round responses

PHYSICAL SCIENCE
RELIGION
STARTS WITH "V"
ACTRESSES
WILLIE NELSON
WWI PLANES
    $100 27
krypton

Michael
    $100 1
Baptist

Michael
    $100 3
vamp

Mark
    $100 12
Ethel Barrymore

Margaret
    $100 18
farm workers

Mark
    $100 11
dove

Michael
    $200 26
(Alex: Less than a minute to go in the round.)

consumption (drinking)

Margaret
    $200 2
Satan (the devil)

Mark
    $200 4
Valhalla

Michael
    $200 13
Juliet Mills

Mark
    $200 19
Austin

Mark
    $200 17
(Michael: What is the atomic bomb?)

the mail

MichaelMark
    $300 23
Newton

Michael
    $300 5
Judaism

Michael
    $300 8
vegetate

Margaret
    $300 14
Shelley Winters

Margaret
    $300 20
cowboys

Michael
    $300 28
Sopwith

Michael
    $400 24
(Margaret: What is a lambert?)

watt

MargaretMark
    $400 6
Mary (the mother of Christ)

Triple Stumper
    $400 9
viscera

Margaret
    $400 15
Debbie Reynolds

Michael
    $400 21
"Always on My Mind"

Triple Stumper
    $400 29
aluminum

Michael
    $300 25
(Mark: What is a synapse?)

spark

Mark
    $500 7
topknot

Mark
    $500 10
verbose

Margaret
    $500 16
Irene Dunne

Margaret
    $500 22
"Blue Eyes Crying in the Rain"

Michael
    $500 30
SPAD

Mark

Scores at the first commercial break (after clue 16):

Michael Margaret Mark
$1,100 $2,100 $1,000

Scores at the end of the Jeopardy! Round:

Michael Margaret Mark
$2,800 $1,900 $2,100

Double Jeopardy! Round responses

POLITICIANS
19TH CENTURY LITERATURE
WORLD GEOGRAPHY
ANAGRAMS
CLASSICAL MUSIC
LEFTOVERS
    $200 8
Franklin Roosevelt

Michael
    $200 22
Black Beauty

Margaret
    $200 17
ogre (gore)

Mark
    $200 23
piano

Margaret
    $400 9
Nelson Rockefeller

Mark
    $400 21
Martin Chuzzlewit

Triple Stumper
    $400 14
they see (the eyes)

Michael
    $400 5
(Mark: Who was Alfred?)

Prince Albert

MargaretMark
    $400 24
(Alex: Less than a minute to go.)

commercials

Mark
    $600 11
Stewart Udall

Mark
    $600 18
Thomas Hardy

Margaret
    $600 27
[The end-of-round signal sounds.]

Queensland

Mark
    $600 10
egret (greet)

Michael
    $600 4
Johannes Brahms

Margaret
    $600 1
RCA

Michael
    $800 15
(Michael: Who was Mark Hatfield?)

Wayne Morse

Michael
Triple Stumper
    $800 19
Vanity Fair

Mark
    $1,000 26
Mediterranean & Red

Michael
    $1,000 12
(Mark: I don't have a clue.)
(Alex: Sung by Sheena Easton.)

"Strut" (trust)

Mark
    $800 6
Franz Schubert

Mark
    $800 2
Southern Pacific

Michael
    $1000 16
Jeannette Rankin

Michael
    $1000 20
Nathaniel Hawthorne

Triple Stumper
    $1000 25
Outer Hebrides

Michael
    $1000 13
groan (organ)

Mark
    $1000 7
Baroque

Michael
    $1000 3
night blindness

Margaret

Scores at the end of the Double Jeopardy! Round:

Michael Margaret Mark
$8,600 $4,900 $5,500

[wagering suggestions for these scores]

Final Jeopardy! Round responses

GOVERNMENT
MargaretWhat is England?
$4,899
MarkWhat is Switzerland
$4,000
MichaelWhat is China?
$3,000
China

Final scores:

Michael Margaret Mark
$11,600 $1 $1,500
2-day champion: $22,999 3rd place: Magnavox Video Escort camcorder 2nd place: Trip to Safety Harbor Resort in Tampa, Florida

Game dynamics:

Coryat scores:

Michael Margaret Mark
$8,400 $4,900 $6,800
20 R
(including 1 DD),
2 W
13 R,
1 W
17 R,
3 W
(including 2 DDs)

Combined Coryat: $20,100

[game] [game scores] [suggest correction]

Game tape date: 1988-03-08
The J! Archive is created by fans, for fans. Scraping, republication, monetization, and malicious use prohibited; this site may use cookies and collect identifying information. See terms. The Jeopardy! game show and all elements thereof, including but not limited to copyright and trademark thereto, are the property of Jeopardy Productions, Inc. and are protected under law. This website is not affiliated with, sponsored by, or operated by Jeopardy Productions, Inc. Join the discussion at JBoard.tv.